000 00504ngm a2200193 i 4500
001 C2-0313988
003 PPAK
005 20180727221051.0
008 111204s2011 my |||| ||||| | vlmay d
040 _aPPAK
_beng
_cPPAK
_erda
245 1 0 _aNur kasih the movie
264 1 _aKuala Lumpur :
_bGrand Brilliance ,
_c2011
336 _2rdacontent
_atext
337 _2rdamedia
_aunmediated
338 _2rdacarrier
_avolume
700 _eauthor
700 0 _aKabir Bhatia,
_ecompile
942 _2ddc
_cDVD
999 _c166817
_d166817